Boletín de las leyes i decretos del gobierno: 1872
Uloženo v:
| Médium: | Kniha |
|---|---|
| Jazyk: | španělština |
| Vydáno: |
Santiago
Nacional
1872
|
| Témata: | |
| Tagy: |
Přidat tag
Žádné tagy, Buďte první, kdo vytvoří štítek k tomuto záznamu!
|
MARC
| LEADER | 00000nam a2200000 a 4500 | ||
|---|---|---|---|
| 001 | UCR1483 | ||
| 003 | CL-VaPUC | ||
| 008 | 971219e18720000CL |||||||||||||||||spa|d | ||
| 082 | 0 | 4 | |a 348.022 |b BOL |2 21 |
| 245 | 1 | 0 | |a Boletín de las leyes i decretos del gobierno: 1872 |
| 300 | |a 2 v | ||
| 942 | |c BK | ||
| 945 | |d 19971219 00:00:00 |a lriquelm | ||
| 260 | |a Santiago |b Nacional |c 1872 | ||
| 650 | 7 | |a DERECHO CHILENO SIGLO 19 |2 CL-VaPUC |9 398616 | |
| 650 | 0 | |a Fuentes del derecho |9 255162 | |
| 651 | 7 | |a CHILE |2 CL-VaPUC |9 398617 | |
| 583 | |a last modification |c 20160829 10:04:43 |k Rodrigo Vera | ||
| 999 | |c 264885 |d 264883 | ||
| 952 | |0 0 |1 0 |4 0 |6 348_022000000000000_BOL_1872 |7 0 |8 X |9 295441 |a BIBDER |b BIBDER |d 2019-11-20 |h v.40 p.1 |i 1925520 |o 348.022 BOL 1872 |p 1925520 |r 2023-01-25 |w 2019-11-20 |y BK_X |k DER | ||
| 952 | |0 0 |1 0 |4 0 |6 348_022000000000000_BOL_1872 |7 0 |8 X |9 295442 |a BIBDER |b BIBDER |d 2019-11-20 |h v.40 p.2 |i 1925571 |o 348.022 BOL 1872 |p 1925571 |r 2023-01-25 |w 2019-11-20 |y BK_X |k DER | ||